书目信息 |
| 题名: |
园林清话
|
|
| 作者: | 陈从周 著 ;陈馨 选编 | |
| 分册: | ||
| 出版信息: | 北京 中华书局 2017.5 |
|
| 页数: | 253页 | |
| 开本: | 22cm | |
| 丛书名: | ||
| 单 册: | ||
| 中图分类: | TU986.62- | |
| 科图分类: | ||
| 主题词: | 园林艺术--中国--文集 | |
| 电子资源: | ||
| ISBN: | 978-7-101-11882-7 | |
| 000 | 00860nam0 2200241 450 | |
| 001 | 0400004479 | |
| 005 | 20171024095217.0 | |
| 010 | @a978-7-101-11882-7@b精装@dCNY42.00 | |
| 100 | @a20171018d2017 ekmy0chiy0110 ea | |
| 101 | 0 | @achi |
| 102 | @aCN@b110000 | |
| 105 | @aa z 000yy | |
| 106 | @ar | |
| 200 | 1 | @a园林清话@9yuan lin qing hua@f陈从周著@g陈馨选编 |
| 210 | @a北京@c中华书局@d2017.5 | |
| 215 | @a253页@c图@d22cm | |
| 330 | @a本书是陈从周先生关于中国园林艺术文章的精选集,含《说园》等名篇,由其女陈馨编选。大致分三辑,一是概论中国园林艺术,二是讲述园林细节之美,三是各地园林风采,可以从总体到局部、从抽象到具体认识中国园林之美。 | |
| 606 | 0 | @a园林艺术@y中国@j文集 |
| 690 | @aTU986.62-@v5 | |
| 701 | 0 | @a陈从周@9chen cong zhou@4著 |
| 702 | 0 | @a陈馨@9chen xin@4选编 |
| 801 | 0 | @aCN@b91MARC@c20171024 |
| 905 | @b1034776-80@dTU986.62-@f5@e1216 | |
| 园林清话/陈从周著/陈馨选编.-北京:中华书局,2017.5 |
| 253页:图;22cm |
| ISBN 978-7-101-11882-7(精装):CNY42.00 |
| 本书是陈从周先生关于中国园林艺术文章的精选集,含《说园》等名篇,由其女陈馨编选。大致分三辑,一是概论中国园林艺术,二是讲述园林细节之美,三是各地园林风采,可以从总体到局部、从抽象到具体认识中国园林之美。 |
| ● |
| 相关链接 |
|
|
|
|
正题名:园林清话
索取号:TU986.62-/1216
 
预约/预借
| 序号 | 登录号 | 条形码 | 馆藏地/架位号 | 状态 | 备注 |
| 1 | 1034776 | 210347766 | 第二样本阅览室/ [索取号:TU986.62-/1216] | 在馆 | |
| 2 | 1034777 | 210347775 | 密集书库-生命科学系/ [索取号:TU986.62-/1216] | 在馆 | |
| 3 | 1034778 | 210347784 | 第三借阅区/ [索取号:TU986.62-/1216] | 在馆 | |
| 4 | 1034779 | 210347793 | 第三借阅区/ [索取号:TU986.62-/1216] | 在馆 | |
| 5 | 1034780 | 210347800 | 第三借阅区/ [索取号:TU986.62-/1216] | 在馆 |